Contrastive analysis
Includes bibliographical references and index
সংরক্ষণ করুন:
| প্রধান লেখক: | |
|---|---|
| বিন্যাস: | গ্রন্থ |
| ভাষা: | Undetermined |
| প্রকাশিত: |
NY.
Routledge
2014
|
| বিষয়গুলি: | |
| অনলাইন ব্যবহার করুন: | http://lrc.tdmu.edu.vn/opac/search/detail.asp?aID=2&ID=35528 |
| ট্যাগগুলো: |
ট্যাগ যুক্ত করুন
কোনো ট্যাগ নেই, প্রথমজন হিসাবে ট্যাগ করুন!
|
| Thư viện lưu trữ: | Trung tâm Học liệu Trường Đại học Thủ Dầu Một |
|---|
| LEADER | 00647nam a2200205Ia 4500 | ||
|---|---|---|---|
| 001 | TDMU_35528 | ||
| 008 | 210410s9999 xx 000 0 und d | ||
| 082 | |a 571.28135 | ||
| 090 | |b J104 | ||
| 100 | |a James, Carl | ||
| 245 | 0 | |a Contrastive analysis | |
| 245 | 0 | |c Carl James | |
| 260 | |a NY. | ||
| 260 | |b Routledge | ||
| 260 | |c 2014 | ||
| 300 | |a vii, 209 p. | ||
| 520 | |a Includes bibliographical references and index | ||
| 650 | |a Contrastive linguistics; Ngôn ngữ học đối chiếu | ||
| 856 | |u http://lrc.tdmu.edu.vn/opac/search/detail.asp?aID=2&ID=35528 | ||
| 980 | |a Trung tâm Học liệu Trường Đại học Thủ Dầu Một | ||